01253nam a22002057a 45000010005000000030006000050050017000110080041000280200018000690400029000870500008001160820008001241000027001322450082001592600038002413000048002795200664003276500028009917000028010199759FISKH20260206125736.0260206b cb ||||| |||| 00| 0 eng d a9781107632820 aFISKHbengcFISKHdFISKH aPZ7 a428 aBudgell, Gill eAuthor aCambridge primary English learner’s book 3 /cGill Budgell and Kate Ruttle  aNew York : bCambridge , c2015.  a144 pages : bcolor illustrations ; c28 cm aCambridge Primary English is a flexible, endorsed course written specifically to support Cambridge International Examinations' curriculum framework (Stages 1-6). This colourful Learner's Book includes the following features. Nine thematic units on exciting topics to engage young learners. Activities encouraging learners to actively explore, use and apply their core listening, speaking, reading and writing skills through individual, pair and group work. Lively international fiction, non-fiction and poetry texts which form the basis for teaching reading and writing skills. Language focus boxes throughout which help to teach and reinforce grammar points. aLearner's bookvEnglish aRuttle, Kate eAuthor